Bayernhymne - Text - Statistiken

Allgemein
  • Dieses Quiz wurde 263 mal gespielt
  • Das Durchschnittsergebnis liegt bei 23 aus 35
Antwortstatistiken
% Korrekt
Bayern,
97%
der
89%
du
88%
Land
88%
Gott
86%
mit
83%
dir,
82%
dir
82%
Und
77%
und
77%
blau!
76%
weiß
74%
Er
73%
die
72%
deine
70%
Vaterland!
68%
Farben
66%
Himmels,
64%
Erde,
62%
deutsche
59%
erhalte
59%
Über
59%
behüte
57%
deinen
57%
weiten
57%
Fluren,
56%
Seine
55%
Städte
55%
Bau!
54%
deiner
53%
Gauen
53%
Segenshand!
53%
Seines
53%
schirme
51%
ruhe
43%
Keine übereinstimmenden Quizze gefunden
Verteilung der Resultate
Anzahl Personen mit jedem Resultat
Perzentil nach korrekt beantworteten Fragen
Ihre Resultats-Entwicklung
Sie haben dieses Quiz noch nicht gespielt